01097nam a22001697a 4500003000900000008004100009040007100050082002300121245008100144260004800225300004000273505053200313650001400845650001300859650001600872700003900888AR-CdUCM190315b ||||| |||| 00| 0 spa d aMUNICIPALIDAD PROVINCIAL DEL CUSCOcBIBLIOTECA MUNICIPAL DEL CUSCO 2 a086.904 /bT56G aLas grandes épocas de la humanidad :bhistoria de las culturas mundiales / aEspaña :bTime-Life International,c1982. a21 tomos ;bilustraciones ;c27 cm. aContenido: t.1: La edad del progreso -- t.2: El siglo veinte -- t.3: Orígenes de Europa -- t.4: La edad de las luces -- t.5: Reinos africanos -- t.6: La edad de la exploración -- t.7: La edad de la fé -- t.8: La Roma imperial -- t.9: India histórica -- t.10: El antiguo islam -- t.11: La era de los reyes -- t.12: La reforma -- t.14: Japón antiguo -- t.16: América precolombina -- t.17: Bizancio -- t.18: Origenes de Rusia -- t.19: El renacimiento -- t.20: La cuna de la civilización -- t.21: La Grecia clásica. aHistoria  aCulturas aColecciones aRedactores de los libros Time-Life